000 00635nam a2200205Ia 4500
005 20250508170048.0
008 008 250505s9999 xx 000 0 eng d
020 _a978-93-89387-31-5
037 _aReference
040 _aFEDL
_beng
_cFEDL
041 _aeng
_2eng
084 _a370.71, CRA/RR
_qFEDL
100 _aCranston Lisa
_9782862
245 0 _aLab class: Professional learning through collaborative inquiry and student observation
260 _aThousand Oaks, Calfornia
_bCorwin Press
_c2019
300 _axiii148p.
365 _aUSD
_b28.95
942 _cREF
_h370.71, CRA/RR
999 _c1399003
_d1399003